| 000 | 00416nam a2200097Ia 4500 | ||
|---|---|---|---|
| 008 | 171204s9999 xx 000 0 und d | ||
| 245 | _aRomania's Abandoned Children: Deprivation, Brain Development, And The Struggle For Recovery: Charles A. Nelson and Nathan A. Fox | ||
| 260 | _c2014 | ||
| 650 | _xPRF Ed 1: Child & Adolescent Development | ||
| 856 | _uhttp://down.ebook777.com/026/RomAbaChiDepBraDevAndTheStrForRec.pdf | ||
| 999 |
_c345842 _d345842 |
||